Startup startup guide: 10 proven steps to creating your successful business startup
Salvato in:
| Autore principale: | |
|---|---|
| Natura: | Libro |
| Lingua: | inglese |
| Pubblicazione: |
[S.l.]
[s.n.]
2016
|
| Soggetti: | |
| Tags: |
Nessun Tag, puoi essere il primo ad aggiungerne!!
|
MARC
| LEADER | 00000nam a2200000 4500 | ||
|---|---|---|---|
| 001 | 0234985 | ||
| 005 | 20240618123335.5 | ||
| 020 | |a 978-1-5334-1424-3 | ||
| 041 | 0 | |a eng | |
| 245 | 1 | 0 | |a Startup |b startup guide: 10 proven steps to creating your successful business startup |c Jerry Kershen |
| 264 | 1 | |a [S.l.] |b [s.n.] |c 2016 | |
| 300 | |a 54 s. | ||
| 610 | 2 | 0 | |a start-up |
| 610 | 2 | 0 | |a podnikanie |
| 610 | 2 | 0 | |a plán podnikový |
| 610 | 2 | 0 | |a stratégia marketingová |
| 610 | 2 | 0 | |a predaj |
| 610 | 2 | 0 | |a stratégia podniková |
| 610 | 2 | 0 | |a stratégia podnikateľská |
| 100 | 1 | |a Kershen, Jerry | |